| 000 | 00639nam a2200229Ia 4500 | ||
|---|---|---|---|
| 005 | 20260429111903.0 | ||
| 008 | 260429s9999||||xx |||||||||||||| ||und|| | ||
| 020 | _a9789348385000 | ||
| 041 | _aEnglish | ||
| 082 |
_a617.1 _bBEA |
||
| 100 | _aJoel, W Beam | ||
| 245 | 0 |
_aOrthopaedic taping wrapping bracing and padding / _cW Beam Joel |
|
| 250 | _a4th ed. | ||
| 260 |
_aNew Delhi : _bCBS Publishers & Distributors, _c2024. |
||
| 300 | _axii, 488 p.; pbk | ||
| 650 | _a Clinical medicine | ||
| 650 | _a Medical bandaging | ||
| 650 | _a Physical therapy | ||
| 650 | _a Splints and braces | ||
| 650 | _aOrthopedics | ||
| 942 | _cTB | ||
| 999 |
_c51280 _d51280 |
||